书目信息 |
| 题名: |
热能与动力机械基础
|
|
| 作者: | 何伯述 主编 | |
| 分册: | ||
| 出版信息: | 北京 清华大学出版社 2010 |
|
| 页数: | 279页 | |
| 开本: | 26cm | |
| 丛书名: | ||
| 单 册: | ||
| 中图分类: | TK11 , TK05 | |
| 科图分类: | ||
| 主题词: | 热能--高等教育--教材 , 动力机械--高等教育--教材 , 热能 , 动力机械 | |
| 电子资源: | ||
| ISBN: | 978-7-5121-0089-3 | |
| 000 | 00910nam0 2200289 450 | |
| 001 | 012015000373 | |
| 005 | 20150914104250.34 | |
| 010 | @a978-7-5121-0089-3@dCNY29.00 | |
| 100 | @a20100428d2010 em y0chiy50 ea | |
| 101 | 0 | @achi |
| 102 | @aCN@b110000 | |
| 105 | @aa z 000yy | |
| 106 | @ar | |
| 200 | 1 | @a热能与动力机械基础@Are neng yu dong li ji xie ji chu@f何伯述主编 |
| 210 | @a北京@c清华大学出版社@c北京交通大学出版社@d2010 | |
| 215 | @a279页@c图@d26cm | |
| 300 | @a高等院校机电类精品教材 | |
| 330 | @a全书共6章,内容包括绪论、基本概念及基础知识、锅炉及换热器、叶轮叶片动力机械、热力发电技术,分布式发电技术等。 | |
| 606 | 0 | @a热能@x高等教育@j教材 |
| 606 | 0 | @a动力机械@x高等教育@j教材 |
| 606 | 0 | @a热能 |
| 606 | 0 | @a动力机械 |
| 690 | @aTK11@v5 | |
| 690 | @aTK05@v5 | |
| 701 | 0 | @a何伯述@Ahe bo shu@f(1964~)@4主编 |
| 801 | 0 | @aCN@b碧洲教育@c20150716 |
| 905 | @a10447@f4@dTK11@e123 | |
| 热能与动力机械基础/何伯述主编.-北京:清华大学出版社:北京交通大学出版社,2010 |
| 279页:图;26cm |
| 高等院校机电类精品教材 |
| ISBN 978-7-5121-0089-3:CNY29.00 |
| 全书共6章,内容包括绪论、基本概念及基础知识、锅炉及换热器、叶轮叶片动力机械、热力发电技术,分布式发电技术等。 |
| ● |
| 相关链接 |
|
|
|
|
正题名:热能与动力机械基础
索取号:TK11/123
 
预约/预借
| 序号 | 登录号 | 条形码 | 馆藏地/架位号 | 状态 | 备注 |
| 1 | 0849552 | 208495528 | 第二样本阅览室/ [索取号:TK11/123] | 在馆 | |
| 2 | 0849553 | 208495537 | 第三借阅区/ [索取号:TK11/123] | 在馆 | |
| 3 | 0849554 | 208495546 | 第三借阅区/ [索取号:TK11/123] | 在馆 | |
| 4 | 0849555 | 208495555 | 密集书库-化学系/ [索取号:TK11/123] | 在馆 |